LIBRARY & INFORMATION CENTRE, KCAET, TAVANUR

ONLINE PUBLIC ACCESS CATALOGUE (OPAC)

Standardization of irrigation and fertigation requirement for Amaranth Under polyhouse (Record no. 17399)

MARC details
000 -LEADER
fixed length control field 00496nam a22001697a 4500
003 - CONTROL NUMBER IDENTIFIER
control field OSt
082 ## - DEWEY DECIMAL CLASSIFICATION NUMBER
Classification number 631.45
Item number ANN/ST
088 ## - REPORT NUMBER
Report number P 510
100 ## - MAIN ENTRY--AUTHOR NAME
Personal name Anna Siya P M
100 ## - MAIN ENTRY--AUTHOR NAME
Personal name Sneha M
100 ## - MAIN ENTRY--AUTHOR NAME
Personal name Nitin Kumar
245 ## - TITLE STATEMENT
Title Standardization of irrigation and fertigation requirement for Amaranth Under polyhouse
260 ## - PUBLICATION, DISTRIBUTION, ETC. (IMPRINT)
Place of publication KCAET ,Tavanur
Name of publisher Department of soil and water conservation engineering
Year of publication 2021
300 ## - PHYSICAL DESCRIPTION
Number of Pages 76 p
700 ## - ADDED ENTRY--PERSONAL NAME
Personal name Sathian K K (Guide)
942 ## - ADDED ENTRY ELEMENTS (KOHA)
Koha item type Project Report
Holdings
Collection code Home library Current library Shelving location Full call number Accession Number Koha item type
Reference KAUAET KAUAET Reference 631.45 ANN/STA P 510 Project Report
free website counter